स्वातंत्र्यलढ्यातील राष्ट्रीय पत्रकारिता (Record no. 49449)

MARC details
000 -LEADER
fixed length control field 00426nam a2200121Ia 4500
008 - FIXED-LENGTH DATA ELEMENTS--GENERAL INFORMATION
fixed length control field 220805s9999 xx 000 0 und d
041 ## - LANGUAGE CODE
Language code of text/sound track or separate title mar
100 ## - MAIN ENTRY--PERSONAL NAME
Personal name कासखेडीकर, नयना
9 (RLIN) 90055
260 ## - PUBLICATION, DISTRIBUTION, ETC. (IMPRINT)
Place of publication, distribution, etc. Pune
Name of publisher, distributor, etc. Bhartiya vichar sadhana prakashan
Date of publication, distribution, etc. 2022
245 ## - TITLE STATEMENT
Title स्वातंत्र्यलढ्यातील राष्ट्रीय पत्रकारिता
250 ## - EDITION STATEMENT
Edition statement 1
300 ## - PHYSICAL DESCRIPTION
Extent 104
Holdings
Withdrawn status Lost status Source of classification or shelving scheme Damaged status Not for loan Home library Current library Date acquired Vendor Cost, normal purchase price Full call number Barcode Date last seen Bill Date Koha item type Original Barcode
    Dewey Decimal Classification     Manilal Nanavati Vocational Training Institute Pune Manilal Nanavati Vocational Training Institute Pune 09/08/2022 Donated 100.00 /KAS/DB101 MNVT-DB-101 09/08/2022 09/08/2022 Donated Book DB101